| 000 | 01603nam2a2200241 i 4500 | ||
|---|---|---|---|
| 001 | RU\NLR\BIBL_A\011098369 | ||
| 005 | 20240729021924.0 | ||
| 010 |
_a9785892307178 _bч. 1 _9150 |
||
| 021 |
_aRU _b2016-21491 _91359 |
||
| 035 | _a(NLR Aleph) 011098369 | ||
| 090 |
_a11405908 _c11405908 |
||
| 100 | _a20160407d2015 um y0rusy50 ca | ||
| 101 | 0 | _arus | |
| 102 | _aRU | ||
| 105 | _aac||j|||000yy | ||
| 200 | 0 | _aЧ. 1 | |
| 210 | _d2015 | ||
| 215 |
_a119 с _cил., портр. |
||
| 320 | _aБиблиогр.: с. 115-119 (77 назв.) | ||
| 461 | 0 |
_1001RU\NLR\BIBL_A\011140950 _12001#$aВеликие ученые-основоположники электротехники и электроэнергетики$eучебно-методическое пособие$fС.Л. Буянтуев, А.Б. Хмелев, А.Н. Хаглеев$gМ-во образования и науки Рос. Федерации, Федер. гос. бюджет. образоват. учреждение высш. проф. образования "Вост.-Сиб. гос. ун-т технологий и упр." (ФГБОУ ВПО ВСГУТУ)$vЧ. 1 _1700#1$aБуянтуев$bС. Л.$gСергей Лубсанович _911618336 _aБуянтуев, С. Л. _cУлан-Удэ _d2015 _fС.Л. Буянтуев, А.Б. Хмелев, А.Н. Хаглеев _nИзд-во ВСГУТУ _oучебно-методическое пособие _tВеликие ученые-основоположники электротехники и электроэнергетики _vЧ. 1 |
|
| 942 | _cBOOK | ||
| 980 | _aNBR | ||